| 000 | 02054ngm a22003610a 4500 | ||
|---|---|---|---|
| 001 | PT19325 | ||
| 003 | AR-LpoUNG | ||
| 005 | 20210202000259.0 | ||
| 007 | vd cvaizq | ||
| 008 | 191001s1987||||ag |||||||||||||||||spa d | ||
| 037 | _c$16.63 | ||
| 040 |
_aAR-LpoUNG _bspa _cAR-LpoUNG _eaacr |
||
| 041 | _aspa | ||
| 044 | _aag | ||
| 082 | 0 | _a982.065 483aus | |
| 100 | 1 |
_aFilipelli, Rafael _edir. |
|
| 245 | 1 | 3 | _aEl ausente |
| 260 |
_as.l. : _bUnión de Cineastas Argentinos, _c1987. |
||
| 300 | _aVHS (85 min.) : son., byn, col. | ||
| 505 | 0 | _aSonido: Mario Antognini; música: Jorge Candia; montaje: Diego García Gutierrez. | |
| 520 | _aSi bien el film no alude a nadie con nombres propios conocidos, se trata de los hechos protagonizados por el dirigente obrero, desaparecido en 1976, René Salamanca en el sindicalismo cordobés de los años setenta. El relato se desarrolla desde tres instancias narrativas: en un contexto social se desarrolla la vida de Raúl Salas, nombre figurado del personaje; un joven intelectual, Muñíz, el autor de los discursos de Salas, y su voz escrita, articula segmentos del tema unas veces frente a la cámara de una directora de ficción, otras en soledad; el mismo Salas que, envuelto en una atmósfera de fábrica abandonada, intuye el futuro en una dimensión del pasado e introduce al espectador en la justificación de los planos finales, los más solos y tristes de que se tenga recuerdo en la pantalla argentina. La acción, con emergencias de discusión entre el dirigente obrero que ejecuta y Muñíz, el intelectual que reflexiona, tiene tonalidad épica en los segmentos iniciales y se vuelve interior, espesa, cuando se empieza a intuir la muerte. | ||
| 650 | 4 | _aASPECTOS POLITICOS | |
| 650 | 4 | _aIDEOLOGIAS POLITICAS | |
| 650 | 4 | _aSINDICALISMO | |
| 650 | 4 | _aSOCIEDAD | |
| 653 | _aCINE ARGENTINO | ||
| 653 | _aIZQUIERDA ARGENTINA | ||
| 653 | _aPARTIDO COMUNISTA REVOLUCIONARIO | ||
| 653 | _aVIDEOS | ||
| 710 | 2 | _aUnión de Cineastas Argentinos | |
| 905 | _a19325 | ||
| 942 | _cVIDEO | ||
| 999 |
_c54518 _d54518 |
||